Blackadder Episodes Quiz Stats

 Plays Quiz Updated Mar 27, 2020

Support Sporcle.
Go Orange.
Score 0/27 Timer 06:00
0 Plays Today
% Correct
Potato
70.2%
Head
69.2%
Goodbyeee...
64.7%
Money
61.5%
Beer
61.1%
Bells
60.8%
Blackadder's Christmas Carol
60.6%
Blackadder: Back & Forth
60.2%
Chains
53.2%
Corporal Punishment
52.1%
Private Plane
51.4%
General Hospital
51.1%
Captain Cook
48.3%
Major Star
48.1%
% Correct
Amy and Amiability
47.9%
Sense and Senility
47.8%
Nob and Nobility
45.5%
Ink and Incapability
38.7%
Dish and Dishonesty
38.6%
Duel and Duality
38.4%
Blackadder: The Cavalier Years
34.3%
The Queen of Spain's Beard
33.1%
The Foretelling
29.8%
Witchsmeller Pursuivant
29.2%
The Black Seal
27.1%
Born to be King
24.3%
The Archbishop
24%

From the Vault

Sitcom Recurring Jokes 7-to-1

by MovieGuru

Ah well-timed callback is always good for a laugh.
Remove Ads.
Support Sporcle.
Get the best of Sporcle when you Go Orange. This ad-free experience offers more features, more stats, and more fun while also helping to support Sporcle. Thank you for becoming a member.

Show Comments

Extras

Top Quizzes Today


Score Distribution

Your Account Isn't Verified!

In order to create a playlist on Sporcle, you need to verify the email address you used during registration. Go to your Sporcle Settings to finish the process.

Report this User

Report this user for behavior that violates our Community Guidelines.

Details: